Greek and Roman Mythology - Mount Olympus - Statistics

General Stats
  • This quiz has been taken 2,264 times
  • The average score is 23 of 29
Answer Stats
Hint Answer % Correct
King of the Gods Zeus
100%
Queen of Gods Hera
97%
Goddess of Wisdom and Battle Stradegy Athena
96%
Roman Form of ^ Jupiter
96%
Goddess of Love and Beauty Aphrodite
95%
God of War and Bloodshed Ares
95%
God of Thieves, Travelers, and Messengers Hermes
95%
God of the Sea, Earthquakes, Floods, and Horses Poseidon
95%
God of Poetry, Music, Oracles, Light, and Art Apollo
93%
Roman Form of ^ Apollo
93%
Goddess of Archery, the Moon, and the Hunt Artemis
92%
Roman Form of ^ Mars
92%
Roman Form of ^ Neptune
92%
Roman Form of ^ Venus
90%
God of Wine and Theater Dionysus
89%
Goddess of the Harvest and Agriculture Demeter
87%
God of the Forge, Blacksmiths and Fire Hephaestus
86%
Roman Form of ^ Mercury
85%
Roman Form of ^ Juno
80%
Roman Form of ^ Diana
79%
Roman Form of ^ Minerva
75%
Roman Form of ^ Bacchus
72%
Roman Form of ^ Vulcan
72%
Goddess that Resigned Her Position as an Olympian to ^ Hestia
69%
Roman Form of ^ Ceres
52%
The Two Foods of the Gods Nectar and Ambrosia
42%
Roman Form of ^ Vesta
42%
Roman Form of ^ Hercules
29%
Gatekeeper of Olympus Herakles
27%
No matching quizzes found
Score Distribution
Percent of People with Each Score
Percentile by Number Answered
Your Score History
You have not taken this quiz